LEADER 01300cam0-22004691i-450- 001 990002597600403321 005 20061003140839.0 035 $a000259760 035 $aFED01000259760 035 $a(Aleph)000259760FED01 035 $a000259760 100 $a20030910d1982----km-y0itay50------ba 101 0 $aita 102 $aIT 105 $ay-------001yy 200 1 $aCicli e tendenze del commercio estero dell'Italia$e1952-1978$fdi Daniele Ciravegna 210 $aBologna$cIl Mulino$d1982 215 $a124 p.$d21 cm 225 1 $aQuaderni de L'industria$v10 610 0 $aCommercio internazionale$aStudi generali 610 0 $aItalia$aEconomia 676 $aF/1.411 676 $aO/3.1 676 $aO/3.10 676 $aO/3.22 702 1$aCiravegna,$bDaniele$f<1944- > 801 0$aIT$bUNINA$gRICA$2UNIMARC 901 $aBK 912 $a990002597600403321 952 $aCOLLEZ. 750 (10)$b20310$fFSPBC 952 $aXV R 292$bs.i.$fDTE 952 $aO/322 CIR$b11869/I$fSES 952 $aXV R 292$fDTE 952 $aSE 090.08.23-$b4587$fDECSE 952 $a4-9-472-TI$b5819$fECA 959 $aECA 959 $aFSPBC 959 $aSES 959 $aDTE 959 $aDECSE 996 $aCicli e tendenze del commercio estero dell'Italia$9434198 997 $aUNINA LEADER 02263nam 2200469 450 001 9910797567603321 005 20230807193047.0 010 $a1-4629-1774-7 035 $a(CKB)3710000000470420 035 $a(EBL)2197502 035 $a(MiAaPQ)EBC2197502 035 $a(Au-PeEL)EBL2197502 035 $a(OCoLC)919683812 035 $a(EXLCZ)993710000000470420 100 $a20181228d2015 uy 0 101 0 $aeng 135 $aur|n|---||||| 181 $ctxt$2rdacontent 182 $cc$2rdamedia 183 $acr$2rdacarrier 200 10$aIntermediate written Chinese practice essentials $eread and write mandarin Chinese as the Chinese do /$fCornelius C. Kubler & Jerling Guo Kubler 210 1$aTokyo :$cTuttle Publishing,$d[2015] 210 4$dİ2015 215 $a1 online resource (210 p.) 300 $aDescription based upon print version of record. 311 $a0-8048-4021-0 327 $aFrontcover; Title Page; Copyright; A Note to the Learner; Acknowledgments; Contents; How to Download the Bonus Material of this Book; How to Use These Materials; Character Practice Sheets; Reading and Writing Exercises; Translation Exercises; Flash Cards 330 $aLearning to read and write Chinese requires lots of practice. This unique practice guide can be used with any Chinese textbook or on its own to enhance your proficiency in reading and writing Mandarin Chinese.Intermediate Written Chinese Practice Essentials offers a wealth of carefully-designed exercises and activities to help you develop every aspect of your reading and writing ability: Character writing practice sheets, character identification and sentence punctuation exercises. Sictation, fill-in-the-blank and dialog completion exercises. Writing and reading activities based on train sched 606 $aChinese language$xWriting 606 $aMandarin dialects 615 0$aChinese language$xWriting. 615 0$aMandarin dialects. 676 $a495.111 700 $aKubler$b Cornelius C. $0849861 702 $aKubler$b Jerling Guo 801 0$bMiAaPQ 801 1$bMiAaPQ 801 2$bMiAaPQ 906 $aBOOK 912 $a9910797567603321 996 $aIntermediate written Chinese practice essentials$93769369 997 $aUNINA